Statistics for 2018 Champions League Final Real Madrid - Liverpool

Click here to take the quiz!

General Stats

  • This quiz has been taken 2,502 times
  • The average score is 24 of 29

Answer Stats

Player% Correct
Karim Benzema ¹
98%
Mohamed Salah
98%
Cristiano Ronaldo
97%
Luka Modrić
97%
Sergio Ramos
97%
Sadio Mané ¹
96%
Toni Kroos
95%
Virgil van Dijk
95%
Casemiro
94%
Gareth Bale ²
94%
Roberto Firmino
94%
Dani Carvajal
93%
Keylor Navas
93%
Marcelo
93%
Trent Alexander-Arnold
93%
Andrew Robertson
91%
Jordan Henderson
90%
Jürgen Klopp
89%
Loris Karius
89%
Raphaël Varane
89%
Zinedine Zidane
89%
Isco
82%
James Milner
73%
Georginio Wijnaldum
65%
Dejan Lovren
63%
Marco Asensio
63%
Nacho
46%
Adam Lallana
34%
Emre Can
22%

Score Distribution

Percentile by Number Answered

Percent of People with Each Score

Your Score History

You have not taken this quiz